| 000 | 01027nam a22002897a 4500 | ||
|---|---|---|---|
| 005 | 20111121153713.0 | ||
| 008 | 111121t xxu||||| |||| 00| 0 eng d | ||
| 010 | _aENG-104157 | ||
| 020 |
_a9781259002427 _c399.00 |
||
| 020 |
_a125900242x _c399.00 |
||
| 035 | _aEN-87690 | ||
| 037 | _bDBAD / PUB | ||
| 040 |
_adpl _bEnglish |
||
| 082 | _a658.409 | ||
| 100 |
_aPedler, Mike _935947 _d1944- _q(Mike John) |
||
| 245 |
_aA manager’s guide to self-development / _cby Mike Pedler, John Burgoyne [and] Tom Boydell |
||
| 250 | _a5th ed | ||
| 260 |
_aNew Delhi _bTata McGraw-Hill _c2011 |
||
| 270 |
_a7 West Patel Nagar _bNew Delhi _e110008 |
||
| 300 |
_avi,278p. _c24cm (pbk) |
||
| 650 |
_935949 _aManagement. |
||
| 651 | _935950 | ||
| 700 |
_935964 _aBurgoyne, John _q(John G.) |
||
| 700 |
_aBoydell, Tom _935970 |
||
| 942 |
_2ddc _cEN _mPED _h658.409 |
||
| 999 |
_c58575 _d58575 |
||